书目信息 |
| 书名: | 日本历史的再发现 | |
| 作者: | 纲野善彦. | |
| 分册号: | ||
| 分册名: | 出版地: | 东京 : |
|
| 出版社: | 株式会社南窗社 | |
| 出版时间: | ||
| 页数: | 250 p. ; | |
| 开本: | 20cm. | |
| 丛书名: | ||
| 中图分类号: | ||
| 科图分类号: | ||
| 其他分类号: | K313.5 | |
| 主题词: | ||
| 电子资源: | ||
| 000 | 00373nam 2200157 a 4500 | |
| 001 | E0734965776 | |
| 005 | 20070729094446.71 | |
| 008 | 070729s 00010 eng | |
| 040 | @aPFT@bchi | |
| 041 | @achi@hjpn | |
| 090 | @aK313.5 | |
| 099 | @dK313.5@ex4 | |
| 245 | 1 | @a日本历史的再发现 / @c纲野善彦. |
| 260 | @a东京 :@b株式会社南窗社. | |
| 300 | @a250 p. ;@c20cm. | |
| 650 | @a历史 | |
| 日本历史的再发现 / / 纲野善彦.-东京 : : 株式会社南窗社. |
| 250 p. ; ; 20cm. |
| ISBN |
| ● |
| 相关链接 |
|
|
|
|
正题名:日本历史的再发现
索取号:K313.5/x4
 
预约/预借
| 序号 | 登录号 | 条形码 | 馆藏地/架位号 | 状态 | 备注 |
| 1 | 0014610 | 300146107 | 第二样本阅览室/ [索取号:K313.5/x4] | 在馆 |